000 00256nam a2200109Ia 4500
008 220204s9999 xx 000 0 und d
082 _a681.311PAS
_bSWA
100 _aSwan, Tom
245 0 _aMastering Turbopascal
260 _aDelhi
_bBPB
_c1987
942 _cBK
999 _c40610
_d40610